Every Red Meat - Statistics

General Stats
  • This quiz has been taken 90 times
  • The average score is 4 of 7
Answer Stats
Answer % Correct
Beef
99%
Pork
90%
Lamb
70%
Venison
53%
Mutton
51%
Goat
40%
Veal
34%
No matching quizzes found
Score Distribution
Percent of People with Each Score
Percentile by Number Answered
Your Score History
You have not taken this quiz